[Event "?"]
[Site "?"]
[Date "2004.04.02"]
[Round "12.14"]
[White "Danielian, E."]
[Black "Aginian, N."]
[Result "1-0"]
[WhiteElo "2428"]
[BlackElo "2189"]
[PlyCount "95"]
[EventDate "2004.03.21"]

1. d4 e6 2. Nf3 b6 3. e4 d5 4. exd5 Qxd5 5. c4 Qd8 6. Bd3 Bb7 7. Nc3 Nf6 8. O-O
Be7 9. Bf4 O-O 10. Qe2 a6 11. Rad1 Nbd7 12. Rfe1 Re8 13. Ne5 Nf8 14. Bc2 Qc8
15. a3 c5 16. Na4 N6d7 17. dxc5 Nxe5 18. Bxe5 f6 19. Bd6 bxc5 20. Bxe7 Rxe7 21.
Qe3 Qc6 22. f3 Rc8 23. Rd2 Rcc7 24. Red1 Red7 25. Rxd7 Nxd7 26. Qd3 g6 27. Nc3
Ne5 28. Qd8+ Kg7 29. Rd6 Rd7 30. Rxc6 Rxd8 31. Rxc5 Rd2 32. Rc7+ Kh6 33. Be4
Bxe4 34. Nxe4 Rxb2 35. h4 g5 36. hxg5+ fxg5 37. c5 g4 38. Re7 Nd3 39. Rxe6+ Kg7
40. Rd6 Nf4 41. fxg4 Rxg2+ 42. Kf1 Rxg4 43. c6 Nd5 44. Nc5 Nb6 45. c7 Nc8 46.
Rd8 Rc4 47. Nxa6 Nb6 48. Rb8 1-0

[Event "?"]
[Site "?"]
[Date "2004.04.02"]
[Round "12.15"]
[White "Sudakova, I."]
[Black "Malysheva, P."]
[Result "1/2-1/2"]
[WhiteElo "2310"]
[BlackElo "2281"]
[PlyCount "135"]
[EventDate "2004.03.21"]

1. e4 e5 2. Nf3 Nc6 3. Nc3 Nf6 4. g3 Bc5 5. Bg2 d6 6. d3 a6 7. O-O O-O 8. Be3
Nd4 9. Bxd4 exd4 10. Ne2 Bg4 11. Qd2 d5 12. e5 Nd7 13. Nexd4 Bxd4 14. Nxd4 Nxe5
15. Qf4 Qd6 16. Rae1 f6 17. Nf5 Qd7 18. Rxe5 fxe5 19. Qxg4 Qxf5 20. Bxd5+ Kh8
21. Qxf5 Rxf5 22. Bxb7 Rb8 23. Be4 Rf6 24. b3 g5 25. g4 Rf4 26. f3 Kg7 27. Kf2
h5 28. h3 Rh8 29. Ke3 Kf6 30. b4 Ke7 31. Rb1 hxg4 32. hxg4 Rh2 33. Rb2 Kd6 34.
Rb3 Rxc2 35. Ra3 c6 36. Rxa6 Kc7 37. a4 Rf8 38. Ra7+ Kd6 39. Bf5 Rd8 40. Rb7
Ra2 41. a5 c5 42. bxc5+ Kxc5 43. Re7 Kd5 44. Be4+ Kd6 45. Ra7 Rh8 46. Ra6+ Kc7
47. Bd5 Ra4 48. Bc4 Kb7 49. Rb6+ Kc7 50. Rb5 Ra8 51. Rc5+ Kd6 52. Rd5+ Kc6 53.
Ke4 R8xa5 54. Kxe5 Ra3 55. Rxa5 Rxa5+ 56. Kf6 Kd6 57. Be6 Ra8 58. Bf5 Rg8 59.
Bg6 Rf8+ 60. Bf7 Kc5 61. Kg7 Rd8 62. Bg6 Kd4 63. Kh6 Rd5 64. Bf5 Ke3 65. Kxg5
Kxf3 66. Kf6 Rd4 67. g5 Rd5 68. g6 1/2-1/2

[Event "?"]
[Site "?"]
[Date "2004.04.02"]
[Round "12.16"]
[White "Richards, H."]
[Black "Calotescu, A."]
[Result "1-0"]
[WhiteElo "2236"]
[BlackElo "2290"]
[PlyCount "73"]
[EventDate "2004.03.21"]

1. e4 c5 2. c3 d5 3. exd5 Qxd5 4. d4 Nf6 5. Nf3 e6 6. Be3 cxd4 7. cxd4 Nc6 8.
Nc3 Qd6 9. a3 Be7 10. Bd3 b6 11. O-O Bb7 12. Qe2 O-O 13. Rad1 Rad8 14. Bb1 Qb8
15. Rfe1 Rfe8 16. Ng5 h6 17. Nxf7 Kxf7 18. Bxh6 Bd6 19. Ne4 Bxh2+ 20. Kh1 Rd5
21. Nxf6 gxf6 22. Qg4 Rg5 23. Bxg5 fxg5 24. d5 Be5 25. Qh5+ Kf8 26. Qf3+ Ke7
27. dxc6 Rh8+ 28. Kg1 Bc8 29. g3 Qc7 30. Ba2 g4 31. Qe4 Kf6 32. Rd3 Rg8 33. f4
Bd6 34. Bxe6 Bc5+ 35. Kg2 Re8 36. Qf5+ Kg7 37. Qxg4+ 1-0

[Event "?"]
[Site "?"]
[Date "2004.04.02"]
[Round "12.17"]
[White "Nill, J."]
[Black "Kosintseva, N."]
[Result "1/2-1/2"]
[WhiteElo "2246"]
[BlackElo "2425"]
[PlyCount "43"]
[EventDate "2004.03.21"]

1. d4 Nf6 2. Nf3 d5 3. c4 e6 4. Nc3 dxc4 5. e4 Bb4 6. Bg5 c5 7. Bxc4 cxd4 8.
Nxd4 Bxc3+ 9. bxc3 Qa5 10. Nb5 Nxe4 11. Qd4 O-O 12. Qxe4 a6 13. Be7 axb5 14.
Bb4 Qc7 15. Bxb5 Bd7 16. Bxd7 Nxd7 17. Bxf8 Qxc3+ 18. Ke2 Qb2+ 19. Kf3 Qc3+ 20.
Ke2 Qb2+ 21. Kf3 Qc3+ 22. Ke2 1/2-1/2

[Event "?"]
[Site "?"]
[Date "2004.04.02"]
[Round "12.19"]
[White "Mkrtchian, L."]
[Black "Makka, I."]
[Result "1-0"]
[WhiteElo "2395"]
[BlackElo "2205"]
[PlyCount "87"]
[EventDate "2004.03.21"]

1. e4 c6 2. d4 d5 3. Nc3 dxe4 4. Nxe4 Nd7 5. Ng5 Ngf6 6. Bd3 e6 7. N1f3 Bd6 8.
Qe2 h6 9. Ne4 Nxe4 10. Qxe4 Qc7 11. Qg4 Kf8 12. O-O c5 13. Re1 b6 14. c3 Bb7
15. Qh3 c4 16. Be4 Bxe4 17. Rxe4 Nf6 18. Re2 Kg8 19. Ne5 Bxe5 20. Rxe5 Rd8 21.
Qf3 Rd5 22. Bf4 Qc8 23. g4 Rxe5 24. Bxe5 Nd5 25. Re1 Qa6 26. a3 Qc8 27. h4 f6
28. Bg3 Kf7 29. Qe4 Re8 30. h5 Re7 31. f4 Qd7 32. Qh7 Qb5 33. g5 Ke8 34. Qc2
Kd7 35. gxh6 gxh6 36. f5 Rg7 37. fxe6+ Ke7 38. Kf2 Qc6 39. Qe4 Ke8 40. Re2 Rg5
41. Qh7 Ne7 42. Qf7+ Kd8 43. Qf8+ Qe8 44. Bc7+ 1-0

[Event "?"]
[Site "?"]
[Date "2004.04.02"]
[Round "12.20"]
[White "Pogonina, N."]
[Black "Olarasu, G."]
[Result "1/2-1/2"]
[WhiteElo "2382"]
[BlackElo "2311"]
[PlyCount "125"]
[EventDate "2004.03.21"]

1. e4 e5 2. Nf3 Nc6 3. Nc3 Nf6 4. d4 exd4 5. Nxd4 Bb4 6. Nxc6 bxc6 7. Bd3 d5 8.
exd5 cxd5 9. O-O O-O 10. Bg5 c6 11. Na4 h6 12. Bh4 Bd6 13. Re1 Rb8 14. c3 c5
15. Bc2 Bd7 16. Rb1 Bxa4 17. Bxa4 g5 18. Bg3 Bxg3 19. hxg3 Qd6 20. Qd3 Rfd8 21.
Re2 Rb7 22. Bc2 Re7 23. Rbe1 Rxe2 24. Rxe2 Kg7 25. Re1 Re8 26. Rxe8 Nxe8 27. b4
Nf6 28. a3 Qe5 29. Qd2 cxb4 30. axb4 Ne4 31. Bxe4 Qxe4 32. f3 Qe5 33. Kf2 a6
34. g4 f6 35. Qe3 Qc7 36. Qd4 Qc6 37. Ke3 Kf7 38. Kd2 Kg6 39. Kc2 Qa4+ 40. Kb2
Qb5 41. Kb3 f5 42. gxf5+ Kxf5 43. g4+ Kg6 44. Qe5 Qc6 45. Kc2 Qa4+ 46. Kd2 Qc6
47. Ke3 Kh7 48. Qf5+ Kg7 49. Qe5+ Kh7 50. f4 gxf4+ 51. Kxf4 Kg6 52. Kg3 Qd7 53.
Kf3 Qc6 54. Ke3 Kh7 55. Kd2 Kg6 56. Qf5+ Kg7 57. Qe5+ Kg6 58. Kc2 Qd7 59. Qf4
Qe6 60. Kb2 Qe2+ 61. Ka3 Qe6 62. Ka4 Qe8+ 63. Kb3 1/2-1/2

[Event "?"]
[Site "?"]
[Date "2004.04.02"]
[Round "12.22"]
[White "Melnikova, Y."]
[Black "Djingarova, E."]
[Result "1/2-1/2"]
[WhiteElo "2171"]
[BlackElo "2344"]
[PlyCount "111"]
[EventDate "2004.03.21"]

1. e4 e5 2. Bc4 Nf6 3. d3 Nc6 4. Nf3 Be7 5. O-O O-O 6. Re1 d6 7. c3 a6 8. Bb3
Na5 9. Bc2 c5 10. Nbd2 Re8 11. Nf1 Nc6 12. h3 Bf8 13. d4 cxd4 14. cxd4 h6 15.
d5 Nb4 16. Bb1 a5 17. a3 Na6 18. b4 Bd7 19. Bd2 axb4 20. axb4 Bb5 21. Qb3 Qd7
22. Bd3 Rec8 23. Ra5 Bxd3 24. Qxd3 Be7 25. Rea1 Bd8 26. R5a3 Nc7 27. Rxa8 Rxa8
28. Rxa8 Nxa8 29. Ng3 Nc7 30. Qc2 Nce8 31. Qd3 Qa4 32. Nf5 Qd1+ 33. Kh2 Bb6 34.
Ne3 Bxe3 35. Qxe3 Qc2 36. Qb6 Qxe4 37. Qxb7 Qxd5 38. Qb8 e4 39. Bc3 Kh7 40. Nd4
Qe5+ 41. Kh1 e3 42. fxe3 Qxe3 43. Nb5 Ne4 44. Bd4 Qe1+ 45. Kh2 N8f6 46. Bxf6
Qg3+ 47. Kg1 Qf2+ 48. Kh2 Qxf6 49. Qb6 Qf4+ 50. Kg1 Ng3 51. Nxd6 Ne2+ 52. Kh1
Ng3+ 53. Kg1 Ne2+ 54. Kh1 Qf1+ 55. Kh2 Qf4+ 56. Kh1 1/2-1/2

[Event "?"]
[Site "?"]
[Date "2004.04.02"]
[Round "12.23"]
[White "Muhren, B."]
[Black "Mamedjarova, Z."]
[Result "1-0"]
[WhiteElo "2135"]
[BlackElo "2341"]
[PlyCount "152"]
[EventDate "2004.03.21"]

1. e4 c5 2. Nf3 Nc6 3. d4 cxd4 4. Nxd4 Nf6 5. Nc3 e5 6. Ndb5 d6 7. Bg5 a6 8.
Na3 b5 9. Nd5 Be7 10. Bxf6 Bxf6 11. c3 Ne7 12. Nxe7 Bxe7 13. Nc2 Bb7 14. Qg4
O-O 15. Rd1 d5 16. exd5 f5 17. Qe2 Bc5 18. Rd2 Qf6 19. Qd1 Rad8 20. b4 Bb6 21.
c4 bxc4 22. Bxc4 Rd6 23. Bb3 Kh8 24. O-O Qh4 25. Rd3 e4 26. Rh3 Qf6 27. Ne3 f4
28. Qh5 h6 29. Ng4 Qf5 30. Ne5 Bd4 31. Nc4 Rg6 32. Qxf5 Rxf5 33. Rd1 Rxd5 34.
Ne5 Rxe5 35. Rxd4 Rc6 36. Kf1 Kh7 37. Bc4 Rc7 38. Ra3 a5 39. b5 Rec5 40. Ra4
Kg6 41. Ke2 Kf5 42. Kd2 Ke5 43. Bb3 Rxb5 44. Rd8 g5 45. Rad4 Rb6 46. Ra4 Rc5
47. Rad4 Rc7 48. h3 Rb4 49. R4d6 e3+ 50. fxe3 fxe3+ 51. Kxe3 Re4+ 52. Kd2 h5
53. g3 Re7 54. Bc2 Rb4 55. Rg6 g4 56. Rg5+ Kf6 57. Rxh5 Bf3 58. Rh6+ Ke5 59.
hxg4 Rxg4 60. Rh5+ Ke6 61. Bf5+ Kf6 62. Bxg4 Bxg4 63. Rxa5 Re2+ 64. Kd3 Rg2 65.
Ke3 Rxg3+ 66. Kf4 Rg1 67. Rd6+ Be6 68. Raa6 Re1 69. a4 Ke7 70. a5 Bc4 71. Rab6
Ra1 72. a6 Ra4 73. Ke5 Ra5+ 74. Kd4 Bf1 75. Rh6 Ra4+ 76. Kc5 Bd3 1-0

[Event "?"]
[Site "?"]
[Date "2004.04.02"]
[Round "12.24"]
[White "Bashkite, V."]
[Black "Ciuksyte, D."]
[Result "1/2-1/2"]
[WhiteElo "2119"]
[BlackElo "2392"]
[PlyCount "136"]
[EventDate "2004.03.21"]

1. Nf3 Nf6 2. g3 b6 3. Bg2 Bb7 4. c4 c5 5. O-O e6 6. Nc3 Be7 7. b3 O-O 8. Bb2
d6 9. d4 cxd4 10. Qxd4 a6 11. e4 Nbd7 12. Qe3 Qc7 13. h3 Rfe8 14. Nd4 Rac8 15.
Kh2 g6 16. Rfe1 Bf8 17. Qd2 Qb8 18. f4 Nc5 19. e5 Bxg2 20. Qxg2 Nfd7 21. Qe2
Qc7 22. Nf3 Red8 23. exd6 Bxd6 24. Ne4 Nxe4 25. Qxe4 Be7 26. Rad1 Qc5 27. Kg2
Qf5 28. Qe3 b5 29. Nd4 Qc5 30. cxb5 axb5 31. Rc1 Qb6 32. Qe2 Bf6 33. Nf3 Bxb2
34. Qxb2 Nc5 35. Qf2 Qd6 36. Qe2 b4 37. Red1 Qc6 38. Rxd8+ Rxd8 39. Qe3 Rd5 40.
Rc4 Qd6 41. Rxb4 Rd3 42. Qe2 Qd5 43. Rb8+ Kg7 44. Qe5+ Qxe5 45. fxe5 Re3 46.
Kf2 Rc3 47. Nd2 Rc2 48. Ke3 Rxa2 49. Nc4 Rg2 50. Kd4 Na6 51. Rb7 Rxg3 52. Nd6
Rxh3 53. Nxf7 Rh4+ 54. Kc3 Nc5 55. Rc7 Kg8 56. Rxc5 Kxf7 57. b4 Ke7 58. b5 Rh1
59. Kc2 Rh4 60. Kb3 Kd7 61. b6 Rh1 62. Kb2 Rh2+ 63. Kc3 Rh3+ 64. Kc4 Rh1 65.
Kd4 Rd1+ 66. Ke4 Rb1 67. Rc7+ Ke8 68. Rxh7 Rxb6 1/2-1/2

[Event "?"]
[Site "?"]
[Date "2004.04.02"]
[Round "12.25"]
[White "Tsiganova, M."]
[Black "Bojkovic, N."]
[Result "0-1"]
[WhiteElo "2269"]
[BlackElo "2391"]
[PlyCount "80"]
[EventDate "2004.03.21"]

1. d4 Nf6 2. c4 e6 3. Nf3 b6 4. g3 Ba6 5. Qb3 c6 6. Bf4 Be7 7. Nbd2 O-O 8. Bg2
d5 9. O-O Nbd7 10. Rfe1 Nh5 11. cxd5 Nxf4 12. gxf4 exd5 13. Ne5 Nxe5 14. fxe5
Bb7 15. Rad1 f5 16. e4 fxe4 17. Nxe4 Kh8 18. Ng3 Rc8 19. Qd3 Rc7 20. Nf5 Bc8
21. Nxe7 Rxe7 22. Bh3 Be6 23. Re3 Qd7 24. Bxe6 Qxe6 25. Rg3 Ref7 26. Rd2 Rf4
27. b4 Qf7 28. Qc2 Qe6 29. a3 Rh4 30. Rdd3 Rhf4 31. Rd2 Qh6 32. Qc3 Rh4 33. h3
Qe6 34. Kg2 Rhf4 35. Rc2 Qf5 36. Qb2 h5 37. Rd2 h4 38. Re3 Rf3 39. Rxf3 Qxf3+
40. Kh2 Rf5 0-1

[Event "?"]
[Site "?"]
[Date "2004.04.02"]
[Round "12.26"]
[White "Partac, E."]
[Black "Muzychuk, A."]
[Result "0-1"]
[WhiteElo "2230"]
[BlackElo "2367"]
[PlyCount "112"]
[EventDate "2004.03.21"]

1. e4 d5 2. exd5 Nf6 3. d4 Nxd5 4. Nf3 g6 5. c4 Nb6 6. c5 Nd5 7. Bc4 Bg7 8. O-O
O-O 9. Nc3 c6 10. Re1 Na6 11. Bg5 Nac7 12. Bxd5 Nxd5 13. Nxd5 Qxd5 14. Bxe7 Re8
15. Qd2 Bg4 16. Ne5 Rxe7 17. Nxg4 Re4 18. Rxe4 Qxe4 19. Ne5 Rd8 20. Nf3 Bxd4
21. Re1 Qd5 22. Nxd4 Qxd4 23. Qxd4 Rxd4 24. Re8+ Kg7 25. Kf1 Rc4 26. g3 Rc1+
27. Kg2 Rxc5 28. Re7 Rb5 29. b3 Kf6 30. Rc7 Ke6 31. h4 h5 32. Kh3 a5 33. Kg2
Rb4 34. Kh3 Rb6 35. Kg2 Rb5 36. Kh3 f6 37. f3 Kf5 38. Rg7 Rb4 39. Rh7 b6 40.
Rc7 c5 41. Rc6 g5 42. hxg5 fxg5 43. Rh6 a4 44. bxa4 Rxa4 45. Rxb6 g4+ 46. fxg4+
hxg4+ 47. Kg2 Rxa2+ 48. Kf1 Ke4 49. Rf6 c4 50. Rf4+ Kd3 51. Rxg4 c3 52. Rg8
Ra1+ 53. Kf2 c2 54. Rd8+ Ke4 55. Re8+ Kf5 56. g4+ Kxg4 0-1

[Event "?"]
[Site "?"]
[Date "2004.04.02"]
[Round "12.27"]
[White "Mamedjarova, T."]
[Black "Ovod, E."]
[Result "1/2-1/2"]
[WhiteElo "2229"]
[BlackElo "2357"]
[PlyCount "114"]
[EventDate "2004.03.21"]

1. d4 Nf6 2. Nf3 g6 3. Bf4 Bg7 4. e3 O-O 5. h3 d6 6. Bc4 b6 7. O-O Bb7 8. Nbd2
Nbd7 9. c3 Qe8 10. Bh2 e5 11. dxe5 dxe5 12. Qc2 Qe7 13. Rad1 Rad8 14. b4 a6 15.
a3 c5 16. bxc5 Qxc5 17. Qb3 b5 18. Be2 Rc8 19. Rc1 Bxf3 20. Bxf3 Nb6 21. Qb4
Nfd5 22. Qa5 Nc4 23. Nxc4 Qxc4 24. Bxd5 Qxd5 25. a4 Rc4 26. axb5 Qxb5 27. Ra1
e4 28. Qxa6 Qxa6 29. Rxa6 Rfc8 30. Rd1 Rxc3 31. Bf4 Rc1 32. Rxc1 Rxc1+ 33. Kh2
Rc8 34. Ra4 Re8 35. g4 Bf8 36. g5 h6 37. h4 hxg5 38. hxg5 Bg7 39. Kg2 Bc3 40.
Kf1 Kg7 41. Ke2 Re7 42. Rc4 Bb2 43. Kd1 Kh7 44. Kc2 Bg7 45. Kb3 Rb7+ 46. Ka4
Re7 47. Kb5 Re8 48. Rc7 Kg8 49. Rc4 Rd8 50. Kc6 Re8 51. Kd5 Bf8 52. Be5 Be7 53.
Bf6 Rd8+ 54. Kxe4 Bxf6 55. gxf6 Re8+ 56. Kd5 Rd8+ 57. Ke4 Rd6 1/2-1/2

[Event "?"]
[Site "?"]
[Date "2004.04.02"]
[Round "12.28"]
[White "Jelica, M."]
[Black "Bosboom-Lanchava, T."]
[Result "0-1"]
[WhiteElo "2222"]
[BlackElo "2323"]
[PlyCount "80"]
[EventDate "2004.03.21"]

1. e4 g6 2. d4 Bg7 3. Be3 d6 4. Nc3 c6 5. Qd2 b5 6. f3 Nd7 7. Nh3 Nb6 8. Nf2
Qc7 9. b3 a6 10. Rd1 Nf6 11. Bh6 Bxh6 12. Qxh6 b4 13. Ne2 c5 14. Qd2 Bb7 15. c4
bxc3 16. Qxc3 O-O 17. h4 Rfc8 18. d5 c4 19. h5 cxb3 20. Qxb3 Nxh5 21. Ng4 Nc4
22. Nh6+ Kf8 23. Rxh5 gxh5 24. f4 Qa5+ 25. Nc3 Nb2 26. Rc1 Na4 27. Bc4 Nxc3 28.
Qxc3 Qxc3+ 29. Rxc3 e6 30. dxe6 fxe6 31. Rg3 Rxc4 32. Rg8+ Ke7 33. Rg7+ Ke8 34.
Rxb7 Rxe4+ 35. Kd2 Rxf4 36. Rxh7 Rc8 37. Ng8 Rf8 38. Nh6 Rf2+ 39. Kd3 Rxg2 40.
Nf7 Rc6 0-1

[Event "?"]
[Site "?"]
[Date "2004.04.02"]
[Round "12.29"]
[White "Shaidullina, S."]
[Black "Shmirina, E."]
[Result "1/2-1/2"]
[WhiteElo "2316"]
[BlackElo "2135"]
[PlyCount "212"]
[EventDate "2004.03.21"]

1. d4 e6 2. c4 f5 3. Nf3 Nf6 4. g3 d5 5. Bg2 c6 6. O-O Bd6 7. Bg5 O-O 8. Nc3
Qe8 9. Rb1 Qh5 10. c5 Bc7 11. b4 Ne4 12. Bd2 a6 13. Ne5 Nd7 14. Nxd7 Bxd7 15.
f4 Nxc3 16. Bxc3 Rfb8 17. a4 Qe8 18. e3 a5 19. Rf2 axb4 20. Bxb4 Qd8 21. Rfb2
Bc8 22. Bf3 Ba5 23. Rg2 Qc7 24. g4 b5 25. Bxa5 Qxa5 26. gxf5 exf5 27. axb5 Rxb5
28. Rbb2 Rxb2 29. Rxb2 Ba6 30. Kg2 Bc4 31. Qb1 Re8 32. Qxf5 Qe1 33. Rf2 Qxe3
34. h4 Rf8 35. Qd7 Qxf4 36. Qxc6 Kh8 37. Qd6 Qf5 38. c6 Be2 39. Qg3 Bxf3+ 40.
Rxf3 Qc2+ 41. Qf2 Qxf2+ 42. Kxf2 Rc8 43. Rc3 Kg8 44. Kf3 Kf7 45. Kf4 Ke6 46. h5
Kd6 47. Rg3 Rf8+ 48. Kg5 Kxc6 49. Rc3+ Kd6 50. Ra3 Rc8 51. Ra6+ Rc6 52. Ra7 Rc7
53. Ra6+ Rc6 54. Ra8 Rc1 55. Ra6+ Rc6 56. Ra8 Rc1 57. Rd8+ Ke6 58. Re8+ Kd6 59.
Rh8 Rg1+ 60. Kf5 h6 61. Rd8+ Kc6 62. Ke6 Re1+ 63. Kf7 Rh1 64. Kxg7 Rxh5 65. Kf6
Rh4 66. Rc8+ Kd7 67. Rh8 Rxd4 68. Ke5 Rh4 69. Kxd5 Ke7 70. Ke5 Kf7 71. Kf5 Kg7
72. Ra8 Rh5+ 73. Kg4 Rh1 74. Ra6 Rg1+ 75. Kh4 Kh7 76. Rb6 Kg7 77. Rb7+ Kg6 78.
Rb5 Rh1+ 79. Kg4 h5+ 80. Kg3 Rf1 81. Kh4 Rf4+ 82. Kh3 Ra4 83. Rb6+ Kf5 84. Rb5+
Kg6 85. Rb6+ Kg5 86. Rb5+ Kg6 87. Rb6+ Kg5 88. Rb3 Ra1 89. Rb5+ Kf4 90. Rb4+
Kf3 91. Rb3+ Kf4 92. Rb4+ Kf3 93. Rb3+ Kf2 94. Kh4 Rh1+ 95. Kg5 h4 96. Kg4 Ke2
97. Ra3 Kf2 98. Kf4 Rb1 99. Ra2+ Kg1 100. Kg4 Rb4+ 101. Kh3 Rc4 102. Rb2 Ra4
103. Re2 Kf1 104. Rb2 Rc4 105. Kh2 Rc3 106. Rb4 h3 1/2-1/2

[Event "?"]
[Site "?"]
[Date "2004.04.02"]
[Round "12.30"]
[White "Lagvilava, G."]
[Black "Makropoulou, M."]
[Result "1-0"]
[WhiteElo "2302"]
[BlackElo "2266"]
[PlyCount "120"]
[EventDate "2004.03.21"]

1. e4 e5 2. Nf3 Nc6 3. d4 exd4 4. Nxd4 Bc5 5. Nb3 Bb6 6. a4 Qh4 7. Qe2 a6 8. g3
Qf6 9. Bg2 Nge7 10. O-O d6 11. Nc3 O-O 12. Be3 Bxe3 13. Qxe3 Re8 14. Rad1 Bg4
15. f3 Be6 16. f4 Bxb3 17. cxb3 Qe6 18. Ne2 a5 19. Qc3 Ra6 20. f5 Qf6 21. Qxf6
gxf6 22. Nf4 Kf8 23. Rc1 Rb6 24. Rc3 Rb4 25. Rd1 Rc8 26. Rdc1 Ke8 27. Nh5 Ng8
28. Kf2 Kd8 29. Bf3 Ne5 30. Nf4 Ne7 31. Re1 Ra8 32. Bd1 Ra6 33. g4 d5 34. Be2
Rd6 35. Nxd5 Nxd5 36. exd5 Rxd5 37. h3 c6 38. Rd1 Rxd1 39. Bxd1 Rd4 40. Be2 Rd2
41. Re3 Rxb2 42. Kg3 Rd2 43. Kh4 Ke7 44. Kh5 Kd6 45. Kh6 Kd5 46. Bc4+ Kd4 47.
Rg3 Nxc4 48. bxc4 Kxc4 49. Kxh7 b5 50. h4 b4 51. h5 b3 52. Rg1 b2 53. Kg7 Rg2
54. Rxg2 b1=Q 55. h6 Qc1 56. g5 fxg5 57. h7 Qa1+ 58. f6 Qb1 59. h8=Q Qg6+ 60.
Kf8 Qf5 1-0

[Event "?"]
[Site "?"]
[Date "2004.04.02"]
[Round "12.33"]
[White "Levushkina, E."]
[Black "Andersson, C."]
[Result "0-1"]
[WhiteElo "2303"]
[BlackElo "2196"]
[PlyCount "108"]
[EventDate "2004.03.21"]

1. e4 e6 2. d4 d5 3. Nd2 Nf6 4. Bd3 c5 5. e5 Nfd7 6. c3 Nc6 7. Ne2 f6 8. Nf4
Qe7 9. exf6 Nxf6 10. Nf3 cxd4 11. cxd4 Bd7 12. O-O O-O-O 13. Re1 g5 14. Nxg5
Bh6 15. Ngxe6 Rde8 16. Bd2 Qd6 17. Bf5 Ne4 18. Bxe4 dxe4 19. Rxe4 Bxe6 20. Rxe6
Rxe6 21. Nxe6 Bxd2 22. d5 Qxd5 23. Qg4 Qd7 24. Qc4 Re8 25. Nc5 Qe7 26. g3 Bb4
27. Nd3 Bd6 28. Re1 Qd7 29. Rd1 Qe6 30. Qh4 Qg6 31. b4 a6 32. Qh3+ Kb8 33. a3
Nd4 34. Qd7 Qe6 35. Nc5 Bxc5 36. Qxe6 Nxe6 37. bxc5 Nxc5 38. Rd5 b6 39. Rh5 Re7
40. f4 Kc7 41. f5 Ne4 42. Rh6 a5 43. g4 b5 44. Ra6 a4 45. f6 Re8 46. Ra7+ Kd6
47. Rxh7 Nxf6 48. Rh6 Re6 49. g5 Ng4 50. Rh4 Ne5 51. Kg2 Rg6 52. Rh5 Nf7 53. h4
b4 54. Rh7 Ke7 0-1

[Event "?"]
[Site "?"]
[Date "2004.04.02"]
[Round "12.35"]
[White "Dragomirescu, A."]
[Black "Meissner, C."]
[Result "1-0"]
[WhiteElo "2288"]
[BlackElo "2146"]
[PlyCount "87"]
[EventDate "2004.03.21"]

1. Nf3 Nf6 2. g3 b6 3. Bg2 Bb7 4. O-O e6 5. d3 Be7 6. e4 d6 7. Nbd2 O-O 8. Ne1
c5 9. f4 Nbd7 10. Qe2 Qc7 11. g4 Ne8 12. g5 e5 13. Ndf3 exf4 14. Bxf4 g6 15. c3
Ng7 16. Nc2 Rae8 17. Bh3 Bd8 18. Qg2 Nh5 19. Be3 d5 20. Bxd7 Qxd7 21. e5 d4 22.
cxd4 cxd4 23. Ncxd4 Bc7 24. Rae1 Qd5 25. Qh3 Bxe5 26. Nf5 Bxb2 27. Nh6+ Kh8 28.
d4 Bc3 29. Ne5 f6 30. Nef7+ Rxf7 31. Nxf7+ Qxf7 32. Rc1 Bb4 33. gxf6 Qd5 34. f7
Rf8 35. Rc7 Bd6 36. Rxb7 Qxb7 37. Qe6 Qe7 38. d5 Ng7 39. Bd4 Bc5 40. Qxe7 Bxe7
41. Be5 h5 42. d6 Bd8 43. d7 Be7 44. Bf6 1-0

[Event "?"]
[Site "?"]
[Date "2004.04.02"]
[Round "12.36"]
[White "Hamelink, D."]
[Black "Smokina, K."]
[Result "1/2-1/2"]
[WhiteElo "2185"]
[BlackElo "2278"]
[PlyCount "166"]
[EventDate "2004.03.21"]

1. e4 c5 2. Nf3 d6 3. Bb5+ Nd7 4. d4 Ngf6 5. Nc3 cxd4 6. Qxd4 a6 7. Bxd7+ Bxd7
8. Bg5 e6 9. e5 dxe5 10. Nxe5 Bc6 11. Nxc6 bxc6 12. Bxf6 gxf6 13. Rd1 Qxd4 14.
Rxd4 c5 15. Ra4 Be7 16. O-O O-O 17. Rd1 f5 18. Kf1 Bf6 19. Rc4 Rfb8 20. b3 Be7
21. Rd7 Kf8 22. a3 Rd8 23. Rxd8+ Rxd8 24. Na4 Rd4 25. Rc3 Rd1+ 26. Ke2 Ra1 27.
Nxc5 Rxa3 28. Na4 Ra1 29. Rc8+ Kg7 30. Ra8 Rc1 31. c4 Rb1 32. Ra7 Bb4 33. c5 e5
34. f3 e4 35. fxe4 fxe4 36. c6 Re1+ 37. Kf2 Rc1 38. Rxa6 Bd6 39. Ke3 f5 40. g3
h5 41. Kd2 Rh1 42. Ra7+ Kg6 43. c7 Rxh2+ 44. Kd1 Bxc7 45. Rxc7 h4 46. gxh4 Rxh4
47. Nc3 Kg5 48. Rg7+ Kf4 49. Ne2+ Ke3 50. Ng3 Kd3 51. Rd7+ Kc3 52. Nxf5 Rh1+
53. Ke2 Kxb3 54. Ng3 Rh3 55. Nxe4 Kc4 56. Ng5 Ra3 57. Ne4 Rh3 58. Nd2+ Kc5 59.
Nf3 Rh1 60. Kd3 Ra1 61. Ke4 Ra2 62. Nd2 Kc6 63. Rd5 Rc2 64. Rd8 Kc7 65. Rd4 Rc5
66. Nc4 Rh5 67. Rd3 Kc6 68. Ne5+ Kc5 69. Rc3+ Kb5 70. Kd5 Rh4 71. Rc8 Rh6 72.
Rc5+ Kb4 73. Nc6+ Kb3 74. Nd4+ Kb2 75. Kc4 Rh4 76. Rg5 Kc1 77. Rg3 Kd2 78. Rd3+
Ke1 79. Kc3 Kf1 80. Re3 Rf4 81. Kd3 Kg2 82. Ne2 Rf3 83. Rxf3 Kxf3 1/2-1/2

[Event "?"]
[Site "?"]
[Date "2004.04.02"]
[Round "12.37"]
[White "Bensdorp, M."]
[Black "Papadopoulou, V."]
[Result "0-1"]
[WhiteElo "2161"]
[BlackElo "2247"]
[PlyCount "92"]
[EventDate "2004.03.21"]

1. d4 c5 2. c3 cxd4 3. cxd4 Nf6 4. Nc3 b6 5. e4 d6 6. Nf3 g6 7. h3 Bg7 8. Bg5
O-O 9. Qd2 Bb7 10. Bd3 b5 11. Bxf6 exf6 12. O-O a6 13. Rac1 Nd7 14. Rfe1 Nb6
15. b3 Re8 16. Bb1 Rc8 17. a3 Rc7 18. Nh2 d5 19. exd5 Rxe1+ 20. Rxe1 Nxd5 21.
Ne4 Ne7 22. Rd1 f5 23. Nc5 Bd5 24. Nf1 Nc6 25. Nxa6 Ra7 26. Nb4 Nxd4 27. Nxd5
Qxd5 28. a4 Qxb3 29. axb5 Qxb5 30. Bd3 Qd7 31. Bc4 Qa4 32. Qd3 h6 33. Ne3 Rb7
34. Bd5 Qa5 35. Bc4 Qa4 36. Rc1 Rd7 37. Qf1 Kh7 38. Kh1 f4 39. Nd5 f3 40. g3
Rb7 41. Nc3 Qd7 42. Kh2 Rb2 43. Bd3 Nb3 44. Rc2 Nd2 45. Qc1 Qxd3 46. Qxb2 Qf1
0-1

[Event "?"]
[Site "?"]
[Date "2004.04.02"]
[Round "12.38"]
[White "Lopatin, O."]
[Black "Roessler, U."]
[Result "0-1"]
[WhiteElo "2116"]
[BlackElo "2221"]
[PlyCount "120"]
[EventDate "2004.03.21"]

1. d4 g6 2. c4 Bg7 3. Nc3 Nf6 4. e4 d6 5. f4 O-O 6. Nf3 c5 7. d5 e6 8. dxe6
Bxe6 9. Bd3 Nc6 10. O-O Bg4 11. Qe1 Bxf3 12. Rxf3 Re8 13. Bd2 Nd7 14. Qf1 Nd4
15. Rh3 f5 16. Re1 Nf6 17. exf5 gxf5 18. Rxe8+ Qxe8 19. Re3 Qh5 20. h3 Qh4 21.
Qf2 Qxf2+ 22. Kxf2 Kf7 23. Re1 a6 24. Rb1 Re8 25. b4 Re7 26. bxc5 dxc5 27. Na4
Rc7 28. Ba5 Re7 29. Nxc5 Ne4+ 30. Nxe4 fxe4 31. Be2 Nf5 32. Bb6 Bf6 33. g3 Ke8
34. Be3 Rg7 35. Bg4 Nd6 36. Rb6 Be7 37. Be6 Bf8 38. Rb1 Rc7 39. Rc1 Bg7 40. c5
Nb5 41. Rc4 Nc3 42. Bd2 Nxa2 43. Rxe4 Nc3 44. Bxc3 Bxc3 45. Bd5+ Kf8 46. Kf3 a5
47. Rc4 Bb4 48. c6 b5 49. Rc1 Bd6 50. Rb1 b4 51. f5 a4 52. Ke4 Kg7 53. g4 Kf6
54. h4 h6 55. Rg1 Rg7 56. Be6 b3 57. Kd5 Bf4 58. Kc4 b2 59. Kb4 Rxg4 60. Rb1
Bd6+ 0-1

[Event "?"]
[Site "?"]
[Date "2004.04.02"]
[Round "12.39"]
[White "Hitzgerova, G."]
[Black "Skibbe, D."]
[Result "0-1"]
[WhiteElo "2190"]
[BlackElo "2094"]
[PlyCount "104"]
[EventDate "2004.03.21"]

1. e4 e5 2. Nf3 Nc6 3. Bb5 a6 4. Ba4 Nf6 5. O-O b5 6. Bb3 Be7 7. Re1 d6 8. c3
Bg4 9. h3 Bh5 10. d3 O-O 11. Nbd2 Na5 12. Bc2 c5 13. Nf1 Re8 14. Ng3 Bg6 15. d4
Nc6 16. d5 Nb8 17. Nh2 h6 18. Nhf1 Bf8 19. Ne3 Nbd7 20. Nef5 c4 21. b3 Qc7 22.
Qf3 Rec8 23. Bd2 cxb3 24. Bxb3 Qd8 25. Rac1 a5 26. a3 Nc5 27. c4 Nxb3 28. Qxb3
bxc4 29. Rxc4 Rxc4 30. Qxc4 Nd7 31. Rb1 Rc8 32. Qa6 Nc5 33. Qe2 a4 34. Bb4 Rb8
35. Rc1 Qg5 36. Rc4 Bxf5 37. Nxf5 Nb3 38. Bxd6 Bxd6 39. Nxd6 Qe7 40. Nf5 Qxa3
41. Qg4 Qf8 42. Rxa4 Kh7 43. Ra7 Nd2 44. g3 g6 45. Ne7 Rb6 46. Kg2 Rf6 47. Qe2
Nf3 48. Qd1 Qb8 49. Rd7 Qb4 50. Qe2 Ng5 51. Nc6 Qc3 52. h4 Nf3 0-1

[Event "?"]
[Site "?"]
[Date "2004.04.02"]
[Round "12.40"]
[White "Vasiliev, O."]
[Black "Shmirina, G."]
[Result "1/2-1/2"]
[WhiteElo "2156"]
[BlackElo "2120"]
[PlyCount "110"]
[EventDate "2004.03.21"]

1. e4 e6 2. d4 d5 3. e5 c5 4. c3 Nc6 5. Nf3 Qb6 6. a3 c4 7. Be2 f6 8. Nbd2 Bd7
9. O-O O-O-O 10. b3 cxb3 11. Nxb3 Na5 12. Nxa5 Qxa5 13. Bd2 Ba4 14. Qc1 Qc7 15.
c4 Kb8 16. c5 g5 17. exf6 h6 18. h4 Nxf6 19. hxg5 hxg5 20. Bxg5 Qh7 21. Nh4 Be7
22. f3 Rdg8 23. Rb1 Rxg5 24. Qxg5 Qxh4 25. Qxh4 Rxh4 26. Rb4 Rxd4 27. Rc1 Rxb4
28. axb4 e5 29. g4 Nd7 30. Kg2 a5 31. Ra1 Bc2 32. Ra2 Bg6 33. Bb5 Nf8 34. Rxa5
Ne6 35. Kg3 Bg5 36. Bd7 Nd4 37. Ra2 Bd3 38. Ra3 Bc4 39. Ra1 Ne2+ 40. Kf2 d4 41.
b5 Be3+ 42. Kg2 d3 43. c6 d2 44. g5 Nc1 45. b6 Bxb6 46. c7+ Kxc7 47. Ba4 Bd4
48. Rb1 Ba2 49. Rb4 Bb3 50. Rxb3 d1=Q 51. Rxb7+ Kxb7 52. Bxd1 Nd3 53. Bb3 Be3
54. Bd5+ Kc7 55. Be4 Bxg5 1/2-1/2